Encapsulated and powdered foods /
Guardado en:
| Otros Autores: | |
|---|---|
| Formato: | Libro |
| Idioma: | English |
| Publicado: |
Boca Raton :
Taylor & Francis,
2005.
|
| Series: | Food science and technology (Taylor & Francis) ;
146. |
| Materias: | |
| Acceso en línea: | Tabla de contenido Descripción |
| Etiquetas: |
Agregar Etiqueta
Sin Etiquetas, Sea el primero en etiquetar este registro!
|
| LEADER | 01108cam a22002774a 4500 | ||
|---|---|---|---|
| 001 | EIQ.libpla004261 | ||
| 008 | 041209s2005####flua#####b####001#0#eng## | ||
| 005 | 20121120111029.0 | ||
| 245 | 0 | 0 | |a Encapsulated and powdered foods / |c edited by Charles Onwulata. |
| 260 | |a Boca Raton : |b Taylor & Francis, |c 2005. | ||
| 300 | |a viii, 514 p. : |b il. ; |c 27 cm. | ||
| 490 | 1 | |a Food science and technology ; |v 146 | |
| 504 | |a Incluye referencias bibliográficas e índice. | ||
| 020 | |a 9780824753276 (ISBN-13) | ||
| 020 | |a 0824753275 | ||
| 700 | 1 | |a Onwulata, Charles. |4 edt | |
| 830 | 0 | |a Food science and technology (Taylor & Francis) ; |v 146. | |
| 082 | 0 | 4 | |a 664.02 |2 21 |
| 650 | 7 | |a Tecnología alimentaria. |x Alimentos en polvo |x Encapsulado | |
| 650 | 7 | |a Food technology |x Powdered foods |x Encapsulated | |
| 010 | |a 2004065512 | ||
| 040 | |a DLC |c DLC |d DLC | ||
| 050 | 0 | 0 | |a TP371.5 |b .E53 2005 |
| 856 | 4 | 1 | |3 Tabla de contenido |u http://www.loc.gov/catdir/toc/fy055/2004065512.html |
| 856 | 4 | 2 | |3 Descripción |u http://www.loc.gov/catdir/enhancements/fy0648/2004065512-d.html |
| 859 | |a AR-BbSID |b BIB. PLAPIQUI |h 664.02 |i En12 |p 6242 | ||
